|
|
|
|
| LEADER |
00000nam0a2200000 4500 |
| 001 |
142101 |
| 005 |
20231031142637.0 |
| 035 |
|
|
|a (RuTPU)RU\TPU\book\154006
|
| 090 |
|
|
|a 142101
|
| 100 |
|
|
|a 20080901d1974 m y0rusy50 ca
|
| 101 |
0 |
|
|a rus
|
| 102 |
|
|
|a RU
|
| 105 |
|
|
|a a z 000ay
|
| 200 |
1 |
|
|a Повести. Дневник путешествий
|f В. А. Колыхалов
|g худож. А. А. Заплавный
|
| 210 |
|
|
|a Новосибирск
|c Западно-Сибирское книжное издательство
|d 1974
|
| 215 |
|
|
|a 352 с.
|
| 610 |
1 |
|
|a советская литература
|
| 610 |
1 |
|
|a повести
|
| 610 |
1 |
|
|a дневники
|
| 610 |
1 |
|
|a путешествия
|
| 675 |
|
|
|a Р2
|v 3
|
| 700 |
|
1 |
|a Колыхалов
|b В. А.
|c русский писатель
|f 1934-
|g Владимир Анисимович
|2 stltpush
|3 (RuTPU)RU\TPU\pers\13165
|
| 702 |
|
1 |
|a Заплавный
|b А. А.
|4 440
|
| 801 |
|
1 |
|a RU
|b 63413507
|c 20080901
|g PSBO
|
| 942 |
|
|
|c BK
|